000 01703cam a22003974i 4500
003 PE-LiUPU
005 20250731173203.0
008 150625s r 000 0 d
035 _a(Sirsi) a30338
040 _aPE-LiUPU
_bspa
_cPE-LiUPU
_erda
082 0 4 _a211.063
_bD78
_221
110 2 _aDiocesis de Chimbote, Perú
245 1 0 _aHambre de Dios Hambre de Pan.
264 1 _aLima :
_bDioceisis de Chimbote,
_c1987.
300 _a268 páginas ;
_c21 cm.
336 _atext
_2rdacontent
337 _aunmediated
_2rdamedia
338 _avolume
_2rdacarrier
505 0 _aHambre de Dios y hambre de pan en la nueva evangelizacion. -Hambre de Dios y hambre de Pan en la nueva evangelizacion en el Peru. -Hambre de Dios y hambre de pan en el magisterio de Juan PAblo II. -Hambre de Dios y hambre de Pan en el antiguo testamento. Hambre de Dios y hambre de pan en el nuevo tetamento. -Hambre de Dios y hambre de pan a la luz del documento sobre teologia de la liberacion del episcopado peruano. -eucaristia y hambre de Dios y hambre de pan, hambre de la tierra.
526 _aSEG42
526 _aSEG41
526 _aSEG40
526 _aSEG39
526 _aP94
526 _aP87
526 _aP86
526 _aP85
526 _aP77
526 _aP76
526 _aP35
942 _2ddc
_cBOOK
949 _a211.063 D78
_wDEWEY
_c1
_i39079
_lCCODEBUL1
_mBUL
_p00.00
_r0
_sY
_tBOOK
_u2015-06-25
_xBIBLIOTECA
_zUNKNOWN
_0COMPRA
_o.STAFF. Colección General
596 _a1
999 _a211.063 D78
_wDEWEY
_c37783
_i39079
_f2021-11-9
_g5
_lCCODEBUL1
_mBUL
_r0
_sY
_tBOOK
_u2015-6-25
_xTEOLOGIA
_zUNKNOWN
_0COMPRA
_o.STAFF. Colección General
_d37783
980 _81
_gALBERTO SANCHEZ Responsable de Automatización